Wais III: escala de inteligencia para adultos. Manual técnico
Sparad:
| Huvudupphovsman: | |
|---|---|
| Materialtyp: | Bok |
| Språk: | spanska |
| Publicerad: |
Buenos Aires
Paidós
2002
|
| Upplaga: | 1a. ed |
| Ämnen: | |
| Taggar: |
Lägg till en tagg
Inga taggar, Lägg till första taggen!
|
MARC
| LEADER | 00000cam a2200000 a 4500 | ||
|---|---|---|---|
| 001 | UCK3133 | ||
| 003 | CL-VaPUC | ||
| 008 | 050415e20020000AG |||||||||||||||||spa|d | ||
| 020 | |a 95090999 | ||
| 082 | 0 | 4 | |a 153.93 |b WEC |2 21 |
| 100 | 0 | |a Wechsler, David |e author |9 491110 | |
| 245 | 1 | 0 | |a Wais III: escala de inteligencia para adultos. Manual técnico |
| 250 | |a 1a. ed | ||
| 300 | |a 209 p | ||
| 942 | |c BK | ||
| 945 | |d 20050415 00:00:00 |a cmena | ||
| 260 | |a Buenos Aires |b Paidós |c 2002 | ||
| 500 | |a Manual acompañado de: 1 caja de láminas; 1 caja de diseño con cubos; 1 pantalla de rompecabezas; 1 cuaderno de estímulos; 1 manual de administración y puntuación; 1 cuadernillo de respuestas; 1 cuadernillo de puntuación-evaluación; 1 plantilla de puntuación de dígitos-símbolos; 1 plantilla de puntuación de búsqueda de símbolos; 17 cuadernillos de test; 17 cuadernillos de respuesta; 1 caja con 5 rompecabezas | ||
| 650 | 0 | |a Test de inteligencia |9 309025 | |
| 650 | 0 | |a Adultos |9 335034 | |
| 650 | 0 | |a Tests psicológicos |9 308644 | |
| 583 | |a last modification |c 20130103 08:39:28 |k Rodrigo Vera | ||
| 999 | |c 312400 |d 312398 | ||
| 952 | |0 0 |1 0 |4 0 |6 153_930000000000000_WEC_2002 |7 0 |8 R |9 382733 |a BIBEDU |b BIBEDU |d 2019-11-21 |i 4108418 |o 153.93 WEC 2002 |p 4108418 |r 2019-11-21 |w 2019-11-21 |y BK_R |k PSI | ||
| 952 | |0 0 |1 0 |4 0 |6 153_930000000000000_WEC_2002 |7 0 |8 R |9 382734 |a BIBEDU |b BIBEDU |d 2019-11-21 |i 4149688 |o 153.93 WEC 2002 |p 4149688 |r 2019-11-21 |w 2019-11-21 |y BK_R |k PSI | ||
| 952 | |0 0 |1 0 |4 0 |6 153_930000000000000_WEC_2002 |7 0 |8 R |9 382735 |a BIBEDU |b BIBEDU |d 2019-11-21 |i 4230124 |o 153.93 WEC 2002 |p 4230124 |r 2019-11-21 |w 2019-11-21 |y BK_R |k PSI | ||